000 00221nam a22000857a 4500
008 160630b xxu||||| |||| 00| 0 eng d
100 _91539
_aSharma, V.D
245 _aGames - Sports & Yogic Exercise
260 _aN.D
_b Arya
_c2003
999 _c1272
_d1272